| 000 | 00505nam a2200157 i 4500 | ||
|---|---|---|---|
| 001 | 62762 | ||
| 003 | ES-MaACL | ||
| 005 | 20230906164726.0 | ||
| 007 | t| | ||
| 008 | 031125s1972 sp ||||1| spa d | ||
| 100 | 1 |
_aFernández Martín-Granizo, Mariano. _949902 |
|
| 245 | 1 | 4 |
_aLos daños y la responsabilidad objetiva en el derecho positivo español / _cMariano Fernández Martín-Granizo. |
| 260 |
_aPamplona : _bAranzadi, _c1972. |
||
| 300 |
_a511 p. ; _c24 cm. |
||
| 852 |
_aES-MaACL _jC-42708 _bR.80874 |
||
| 999 |
_c62762 _d62762 |
||